MARC
|
|
|
|
| LEADER |
00000nam0a2200000 4500 |
| 001 |
269153 |
| 005 |
20231101234229.0 |
| 020 |
|
|
|a RU
|b 86-67052
|
| 035 |
|
|
|a (RuTPU)RU\TPU\book\292326
|
| 090 |
|
|
|a 269153
|
| 100 |
|
|
|a 20140915d1986 km y0rusy5003 ca
|
| 101 |
0 |
|
|a rus
|
| 102 |
|
|
|a RU
|
| 105 |
|
|
|a a z 001zy
|
| 200 |
1 |
|
|a Космическое оружие : дилемма безопасности
|f под ред. Е. П. Велихова , Р. З. Сагдеева А. А. Кокошина
|
| 210 |
|
|
|a Москва
|c Мир
|d 1986
|
| 215 |
|
|
|a 182 с.
|c ил.
|
| 320 |
|
|
|a Библиогр. в конце глав.
|
| 606 |
1 |
|
|a Атомная проблема
|x Политика
|2 stltpush
|3 (RuTPU)RU\TPU\subj\29665
|9 52945
|
| 606 |
1 |
|
|a Военная техника
|2 stltpush
|3 (RuTPU)RU\TPU\subj\3249
|9 31696
|
| 610 |
1 |
|
|a гонка вооружений
|
| 610 |
1 |
|
|a ядерная война
|
| 610 |
1 |
|
|a противоракетная оборона
|
| 610 |
1 |
|
|a вооружение
|
| 610 |
1 |
|
|a ядерная безопасность
|
| 610 |
1 |
|
|a космическое пространство
|
| 686 |
|
|
|a Ф4(0)3
|2 rubbk
|
| 686 |
|
|
|a Ц9
|2 rubbk
|
| 702 |
|
1 |
|a Велихов
|b Е. П.
|g Евгений Павлович
|4 340
|
| 702 |
|
1 |
|a Сагдеев
|b Р. З.
|4 340
|
| 702 |
|
1 |
|a Кокошин
|b А. А.
|4 340
|
| 801 |
|
0 |
|a RU
|b RuMRKP
|c 19950704
|g psbo
|
| 801 |
|
1 |
|a RU
|b 63413507
|c 20140915
|
| 801 |
|
2 |
|a RU
|b 63413507
|c 20151012
|g RCR
|
| 942 |
|
|
|c BK
|